| 000 | 00439nam a22001817a 4500 | ||
|---|---|---|---|
| 003 | MPLRDC | ||
| 005 | 20220104114058.0 | ||
| 008 | 210129b ||||| |||| 00| 0 eng d | ||
| 082 | _a802.7 HJH | ||
| 100 | _a洪嘉惠著 | ||
| 245 |
_a我不再用错词语 _c |
||
| 250 | _a再版 | ||
| 260 |
_a _b名人出版社 _c1980 |
||
| 300 | _b平 | ||
| 490 | _a错别字丛书. 11 | ||
| 650 | _a华语--修辞; 作文 | ||
| 942 |
_cBK _o802.7 HJH |
||
| 999 |
_c4641 _d4631 |
||